|
|
|
|
| LEADER |
00000nab a2200000 a 4500 |
| 001 |
vtls008837594 |
| 003 |
SK-MaSNL |
| 005 |
20260305035547.0 |
| 008 |
250505c2006 xo mr|p||| |000 b|slo |
| 015 |
|
|
|a SNBRB2006/08
|
| 035 |
|
|
|a (sysno)vtls008837594
|
| 035 |
|
|
|a urn:nbn:sk:snk-ab6zsy
|
| 035 |
|
|
|a (uuid)989196fa-feb4-4220-a2ee-bc99d7bc5e1c
|
| 035 |
|
|
|a (urnnbn)urn:nbn:sk:snk:ar-a06dab
|
| 038 |
|
|
|a SPK
|
| 040 |
|
|
|a SNKBUCL
|b slo
|c SNKBUCL
|e AACR2
|
| 041 |
0 |
|
|a slo
|
| 044 |
|
|
|a xo
|c SK
|
| 080 |
|
|
|a 612.39
|2 1997
|
| 080 |
|
|
|a 612.015.6
|2 1997
|
| 100 |
1 |
|
|a Jungová, Ivana
|4 aut
|9 15050
|
| 245 |
1 |
0 |
|a Vitamín B1
|b zdravie ukryté v obilnom klase
|c Ivana Jungová
|
| 300 |
|
|
|b Fotogr., tab.
|
| 650 |
0 |
7 |
|a zdravie
|2 snkbucl
|9 16322
|
| 650 |
0 |
7 |
|a výživa
|2 snkbucl
|9 2615
|
| 650 |
0 |
7 |
|a vitamíny
|2 snkbucl
|9 2616
|
| 650 |
0 |
7 |
|a vitamín B1
|2 snkbucl
|9 89449
|
| 773 |
0 |
|
|t Dieťa nielen pre rodičov
|g Roč. XII, č. 8 (2006), s. 32
|x 1335-0919
|
| 850 |
|
|
|a Slovenská národná knižnica
|
| 852 |
|
|
|a Slovenská národná knižnica
|
| 856 |
4 |
1 |
|a www.dieta.sk
|
| 954 |
|
|
|a odborná, vedecká literatúra pôvodná (slovenská)
|2 lita
|
| 958 |
|
|
|a article27
|
| 958 |
|
|
|a MI
|
| 958 |
|
|
|a OND
|
| 958 |
|
|
|a EUIPO
|
| 999 |
|
|
|c 3334556
|d 3336486
|